LEADER 01038nam a2200253 a 4500 001 000000145216 003 CaOOAMICUS 005 20150723135527.0 008 150723s1976 it u000 u ita r 040 $aPUL$bita 100 1 $aGalizzi, Mario.$0(OLS)http://pul/name/39243 245 13$aLa scelta dei poveri :$bVangelo secondo Luca /$cMario Galizzi. 260 $aLeumann (Torino) :$bElle Di Ci$g1976 300 $a231 p. ;$c19 cm 490 1 $aCommenti al Nuovo Testamento 500 $aSul front.: vol. I. 630 04$aBiblia.$pN.T.$pLucas$xCritica e interpretazione.$0(OLS)http://pul/subject/37900 830 0$aCommenti al Nuovo Testamento.$0(OLS)http://pul/title/183645 850 $aPUL 852 $aPUL$W1$xDP1 Fondo S. Lanza$y121$m3 L 38$j167886$qFondi$B168445$CPULBib$Z2$F168445 $HLan1254 $82 941 1 $a1 996 $6245$aLa scelta dei poveri :$bVangelo secondo Luca$9(OLS)http://pul/title/183651 996 $6260$aLeumann (Torino) :$bElle Di Ci$9(OLS)http://pul/publisher/53685 LEADER 01606nam a2200349 u 4500 001 000000057050 003 CaOOAMICUS 005 20070226120536.0 008 010426s2000 it u000 u ita u 020 $a8870181243 035 $a10886627 040 $aPUL$bita 041 1 $aita$hger 100 1 $aHeidegger, Martin,$d1889-1976.$0(OLS)http://pul/name/5737 240 10$aMetaphysische Anfangsgründe.$lItaliano.$0(OLS)http://pul/title/76343 245 10$aPrincipi metafisici della logica /$cMartin Heidegger ; a cura di Klaus Held ; edizione italiana a cura di Giovanni Moretto. 260 $aGenova :$bIl nuovo melangolo,$cc2000. 300 $a268 p. ;$c24 cm 490 1 $aOpera ;$v8 504 $aBibliografia in nota. 650 4$aLogica.$0(OLS)http://pul/subject/441 650 4$aMetafisica.$0(OLS)http://pul/subject/433 700 1 $aMoretto, Giovanni,$d1939-2006.$0(OLS)http://pul/name/6281 700 1 $aHeld, Klaus,$d1936-2023.$0(OLS)http://pul/name/39936 800 1 $aHeidegger, Martin,$d1889-1976.$tOpere$9(Heidegger, Martin, 1889-1976) ;$v8.$0(OLS)http://pul/nameTitle/143$0(OLS)http://pul/name/5737$0(OLS)http://pul/title/76340 850 $aPUL 852 $aPUL$W1$xSL Filosofia 2$y80$mPhil A28 8$j74715$nBK-PRI$b $qStampati altre collocazioni$B74715$CPULBib$Z2$F74715 $H $81 941 1 $a10 961 $aINV: 84853 996 $6020$a8870181243$9(OLS)http://pul/number/72032 996 $6245$aPrincipi metafisici della logica$9(OLS)http://pul/title/76344 996 $6260$aGenova :$bIl nuovo melangolo$9(OLS)http://pul/publisher/69686